00580nam a2200181Ia 4500008004100000020001800041050001400059100002000073245004000093245006200133260001500195260001800210260000900228300001400237300002500251999001900276952010300295180207s9999 xx 000 0 und d a9780440847465 bA237 1989 aAdler, David A. 2aA picture book of Abraham Lincoln / cDavid A. Adler ; illustrated by John & Alexandra Wallner. aNew York : bTrumpet Club, c1989 aunpaged : bcolor illustration ; c355273d355273 001040aSSISMbSSISMd2018-02-07l0oER A237 1989pSSISM4818r2018-02-07 00:00:00w2018-02-07yBK